<?xml version="1.0" encoding="UTF-8"?>
<record
    xmlns:xsi="http://www.w3.org/2001/XMLSchema-instance"
    xsi:schemaLocation="http://www.loc.gov/MARC21/slim http://www.loc.gov/standards/marcxml/schema/MARC21slim.xsd"
    xmlns="http://www.loc.gov/MARC21/slim">

  <leader>01296nam0a22003731  4500</leader>
  <controlfield tag="001">RU\NLR\A1SV\13276</controlfield>
  <controlfield tag="005">20251203171251.9</controlfield>
  <datafield tag="035" ind1=" " ind2=" ">
    <subfield code="a">(NLR Aleph) 009698588</subfield>
  </datafield>
  <datafield tag="090" ind1=" " ind2=" ">
    <subfield code="a">9772917</subfield>
    <subfield code="c">9772917</subfield>
  </datafield>
  <datafield tag="100" ind1=" " ind2=" ">
    <subfield code="a">19991130d1921    u  y0rusy50      ca</subfield>
  </datafield>
  <datafield tag="101" ind1="0" ind2=" ">
    <subfield code="a">rus</subfield>
  </datafield>
  <datafield tag="102" ind1=" " ind2=" ">
    <subfield code="a">RU</subfield>
  </datafield>
  <datafield tag="200" ind1="1" ind2=" ">
    <subfield code="a">&#x41A;&#x440;&#x430;&#x441;&#x43D;&#x44B;&#x439; &#x441;&#x43E;&#x44E;&#x437; &#x440;&#x430;&#x431;&#x43E;&#x447;&#x438;&#x445; &#x438; &#x441;&#x43B;&#x443;&#x436;&#x430;&#x449;&#x438;&#x445; &#x43F;&#x438;&#x449;&#x435;&#x432;&#x43E;&#x439; &#x43F;&#x440;&#x43E;&#x43C;&#x44B;&#x448;&#x43B;&#x435;&#x43D;&#x43D;&#x43E;&#x441;&#x442;&#x438; &#x432; &#x421;&#x43E;&#x432;&#x435;&#x442;&#x441;&#x43A;&#x43E;&#x439; &#x420;&#x43E;&#x441;&#x441;&#x438;&#x438;</subfield>
    <subfield code="e">(&#x41A;&#x440;&#x430;&#x442;. &#x438;&#x441;&#x442;. &#x43E;&#x447;&#x435;&#x440;&#x43A;)</subfield>
    <subfield code="f">&#x421;&#x435;&#x43A;&#x440;. &#x426;&#x435;&#x43D;&#x442;&#x440;. &#x43A;&#x43E;&#x43C;. &#x412;&#x441;&#x435;&#x440;&#x43E;&#x441;. &#x441;&#x43E;&#x44E;&#x437;&#x430; &#x440;&#x430;&#x431;&#x43E;&#x447;&#x438;&#x445; &#x438; &#x441;&#x43B;&#x443;&#x436;&#x430;&#x449;&#x438;&#x445; &#x43F;&#x438;&#x449;&#x435;&#x432;&#x43E;&#x439; &#x43F;&#x440;&#x43E;&#x43C;. &#x41F;&#x430;&#x432;. &#x411;&#x443;&#x434;&#x430;&#x435;&#x432;</subfield>
    <subfield code="g">&#x41A;&#x440;&#x430;&#x441;. &#x438;&#x43D;&#x442;&#x435;&#x440;&#x43D;&#x430;&#x446;&#x438;&#x43E;&#x43D;&#x430;&#x43B; &#x43F;&#x440;&#x43E;&#x444;&#x441;&#x43E;&#x44E;&#x437;&#x43E;&#x432;</subfield>
  </datafield>
  <datafield tag="210" ind1=" " ind2=" ">
    <subfield code="a">&#x41C;.</subfield>
    <subfield code="c">&#x41A;&#x440;&#x430;&#x441;. &#x438;&#x43D;&#x442;&#x435;&#x440;&#x43D;&#x430;&#x446;&#x438;&#x43E;&#x43D;&#x430;&#x43B; &#x43F;&#x440;&#x43E;&#x444;&#x441;&#x43E;&#x44E;&#x437;&#x43E;&#x432;</subfield>
    <subfield code="d">1921</subfield>
  </datafield>
  <datafield tag="215" ind1=" " ind2=" ">
    <subfield code="a">64 &#x441;.</subfield>
    <subfield code="d">17 &#x441;&#x43C;</subfield>
  </datafield>
  <datafield tag="300" ind1=" " ind2=" ">
    <subfield code="a">&#x410;&#x432;&#x442;. &#x443;&#x43A;&#x430;&#x437;&#x430;&#x43D; &#x432; &#x43A;&#x43E;&#x43D;&#x446;&#x435; &#x43F;&#x440;&#x435;&#x434;&#x438;&#x441;&#x43B;.</subfield>
  </datafield>
  <datafield tag="620" ind1=" " ind2=" ">
    <subfield code="d">&#x41C;&#x43E;&#x441;&#x43A;&#x432;&#x430;</subfield>
  </datafield>
  <datafield tag="700" ind1=" " ind2="1">
    <subfield code="a">&#x411;&#x443;&#x434;&#x430;&#x435;&#x432;</subfield>
    <subfield code="b">&#x41F;.&#x410;.</subfield>
    <subfield code="g">&#x41F;&#x430;&#x432;&#x435;&#x43B; &#x410;.</subfield>
  </datafield>
  <datafield tag="801" ind1=" " ind2="0">
    <subfield code="a">RU</subfield>
    <subfield code="b">NLR</subfield>
    <subfield code="c">19991130</subfield>
  </datafield>
  <datafield tag="852" ind1=" " ind2=" ">
    <subfield code="a">NLR</subfield>
    <subfield code="j">37.76.7.373</subfield>
  </datafield>
  <datafield tag="852" ind1=" " ind2=" ">
    <subfield code="a">NLR</subfield>
    <subfield code="j">128/1546</subfield>
  </datafield>
  <datafield tag="899" ind1=" " ind2=" ">
    <subfield code="a">&#x413;&#x41F;&#x418;&#x411;</subfield>
  </datafield>
  <datafield tag="899" ind1=" " ind2=" ">
    <subfield code="a">&#x41C;&#x413;&#x423;</subfield>
  </datafield>
  <datafield tag="899" ind1=" " ind2=" ">
    <subfield code="a">&#x420;&#x41A;&#x41F;</subfield>
  </datafield>
  <datafield tag="899" ind1=" " ind2=" ">
    <subfield code="a">&#x413;&#x41E;&#x41F;&#x411;</subfield>
  </datafield>
  <datafield tag="899" ind1=" " ind2=" ">
    <subfield code="a">&#x420;&#x413;&#x411;</subfield>
  </datafield>
  <datafield tag="899" ind1=" " ind2=" ">
    <subfield code="a">&#x413;&#x410;&#x420;&#x424;</subfield>
  </datafield>
  <datafield tag="899" ind1=" " ind2=" ">
    <subfield code="a">&#x41D;&#x411;&#x423;&#x412;</subfield>
  </datafield>
  <datafield tag="899" ind1=" " ind2=" ">
    <subfield code="a">&#x41D;&#x411; &#x411;&#x435;&#x43B;.</subfield>
  </datafield>
  <datafield tag="899" ind1=" " ind2=" ">
    <subfield code="a">SLK</subfield>
  </datafield>
  <datafield tag="942" ind1=" " ind2=" ">
    <subfield code="c">BOOK</subfield>
  </datafield>
  <datafield tag="980" ind1=" " ind2=" ">
    <subfield code="a">NB</subfield>
  </datafield>
  <datafield tag="980" ind1=" " ind2=" ">
    <subfield code="a">A1SV</subfield>
  </datafield>
  <datafield tag="995" ind1=" " ind2=" ">
    <subfield code="5">2016-05-13</subfield>
    <subfield code="b">NLR02</subfield>
    <subfield code="c">NLR02</subfield>
    <subfield code="e">RFS</subfield>
    <subfield code="f">9698588-10</subfield>
    <subfield code="k">37.76.7.373</subfield>
    <subfield code="o">0</subfield>
    <subfield code="r">BOOK</subfield>
    <subfield code="s">37767373_</subfield>
  </datafield>
</record>
